00516nam a2200121Ia 4500008004100000041001200041082001800053100001300071245009300084260004600177510012300223650004800346231221s9999 xx 000 0 und d aEnglish a658.4093 JAI aP.K Jain 0aTime management - An indespensable managerial skill for a teacher [e resource : article] c2001bSant Longowal Inst. of Sci. & Tech. aarticle from the bookTeacher in the age of information technology and humanism- ed by D S Hira & Mahesh Kumar p 96-100 aTime management, Teacher,academic programme